000 00231nam a22000977a 4500
999 _c533317
_d533317
040 _cDLC
082 _a519.2076
_bLIP
100 _aLipschutz, Seymour
_98529
245 _aIntroduction to probability and statistics
942 _2ddc
_cBK